| 000 | 00793nam a22002057a 4500 | ||
|---|---|---|---|
| 005 | 20160808115024.0 | ||
| 008 | 160808b xxu||||| |||| 00| 0 eng d | ||
| 010 | _aENG-115660 | ||
| 020 |
_a9789951437451 _c1495.00 |
||
| 035 | _aEN-99192 | ||
| 037 | _bDBAD/PUB | ||
| 082 | _a342.540662 | ||
| 100 | _aTandon,Rajesh | ||
| 245 |
_aRight to information : _cby Rajesh Tamdon _bexhaustive commentary on the right to information act-2005 along with case from Supreme courts and various information commissions / |
||
| 260 |
_aGurgaon _bLexisNexis _c2016 |
||
| 270 |
_a 14th Floor, Building No.10, Tower-B, DLF Cyber City, Phase-II _bGurgaon(Haryana) _e 122002 |
||
| 300 |
_aVarious pagings _c25 cm. (Hb.) |
||
| 500 | _aIncludes index | ||
| 942 |
_cEN _2ddc _h342.540662 _mTAN |
||
| 999 |
_c101898 _d101898 |
||